[Event "OPEN D'AUBAGNE"]
[Site "SALLE LAKANAL AUBAGNE"]
[Date "2019.09.02"]
[Round "4.26"]
[White "Periale, Albert"]
[Black "Markovitch, Oscar"]
[Result "1-0"]
[WhiteElo "1244"]
[BlackElo "1099"]
[PlyCount "59"]
[EventDate "2019.??.??"]
[WhiteTeam "Cercle d'Echecs Aubagnais"]
[BlackTeam "Club d'Echecs Pennois (CEP)"]

1. e4 e5 2. Nf3 Nc6 3. Bb5 d6 4. c3 Nf6 5. d3 Be7 6. h3 O-O 7. Be3 a6 8. Bxc6
bxc6 9. Nbd2 Be6 10. O-O Rb8 11. d4 exd4 12. Nxd4 d5 13. Nxc6 Qd6 14. Nxe7+
Qxe7 15. e5 Nd7 16. Nf3 f6 17. exf6 Nxf6 18. b4 Rbd8 19. Ne5 Qd6 20. Bf4 Nh5
21. Nf7 Bxf7 22. Bxd6 Rxd6 23. Re1 Bg6 24. Qd2 Rd7 25. Qe3 Rb8 26. a3 a5 27.
Qe6+ Kh8 28. Qxd7 Be8 29. Rxe8+ Rxe8 30. Qxe8# 1-0

[Event "OPEN D'AUBAGNE"]
[Site "SALLE LAKANAL AUBAGNE"]
[Date "2019.09.02"]
[Round "4.29"]
[White "Gary, Yvon"]
[Black "Friche, Timeo"]
[Result "0-1"]
[WhiteElo "1199"]
[BlackElo "1009"]
[PlyCount "61"]
[EventDate "2019.??.??"]
[WhiteTeam "Club Provence Echecs"]
[BlackTeam "La Ciotat Echecs (LCE)"]

1. e4 e5 2. d4 exd4 3. Qxd4 Nc6 4. Qd2 g6 5. Nf3 Bg7 6. Nc3 Bh6 7. Qd1 Bxc1 8.
Qxc1 Nge7 9. Bb5 f6 10. O-O O-O 11. Qh6 g5 12. e5 Nxe5 13. Nxe5 fxe5 14. Rfe1
c6 15. Bc4+ d5 16. Be2 Nf5 17. Qh3 d4 18. Ne4 Qd5 19. Bf3 Nd6 20. Nxg5 Bxh3 21.
Bxd5+ cxd5 22. Nxh3 e4 23. Rad1 Nf5 24. g4 Nh4 25. Rxd4 Nf3+ 26. Kf1 Nxd4 27.
c3 Nf3 28. Re3 Nxh2+ 29. Kg2 Nxg4 30. Rg3 h5 31. f3 0-1

[Event "OPEN D'AUBAGNE"]
[Site "SALLE LAKANAL AUBAGNE"]
[Date "2019.09.02"]
[Round "4.30"]
[White "Pegon, Claude"]
[Black "Nasri, Alexandre"]
[Result "1-0"]
[WhiteElo "1063"]
[BlackElo "1199"]
[PlyCount "67"]
[EventDate "2019.??.??"]
[WhiteTeam "Cassis Echecs"]
[BlackTeam "Cercle d'Echecs Aubagnais"]

1. c4 e5 2. Nc3 Nf6 3. Nf3 Nc6 4. e3 Bb4 5. a3 Bxc3 6. dxc3 O-O 7. g3 b6 8. Bg2
d6 9. O-O Bg4 10. h3 Be6 11. Ng5 d5 12. Nxe6 fxe6 13. b4 e4 14. c5 Ne5 15. Bb2
Nd3 16. Qc2 bxc5 17. b5 c6 18. bxc6 Qb6 19. Rab1 Qxc6 20. Rfd1 c4 21. f3 Qd6
22. f4 Qc5 23. Qd2 Nh5 24. Kh2 e5 25. Bf1 exf4 26. Bxd3 fxg3+ 27. Kg1 Rf2 28.
Be2 Raf8 29. Re1 Qc8 30. Qxd5+ R8f7 31. Bxh5 Qxh3 32. Bxf7+ Rxf7 33. Re2 Kf8
34. Qd8# 1-0

[Event "OPEN D'AUBAGNE"]
[Site "SALLE LAKANAL AUBAGNE"]
[Date "2019.09.02"]
[Round "4.31"]
[White "Nakle-Fambon, Gabriel"]
[Black "Tramarin, Lucas"]
[Result "0-1"]
[WhiteElo "1009"]
[BlackElo "1149"]
[PlyCount "122"]
[EventDate "2019.??.??"]
[WhiteTeam "La Ciotat Echecs (LCE)"]
[BlackTeam "La Ciotat Echecs (LCE)"]

1. c4 d6 2. Nc3 Nf6 3. g3 Nc6 4. Bg2 e5 5. e3 Bg4 6. Nge2 Be7 7. O-O O-O 8. h3
Be6 9. b3 Qd7 10. Kh2 Rab8 11. d4 exd4 12. Nxd4 Rfd8 13. Nxc6 bxc6 14. Qf3 Rb6
15. Na4 Ra6 16. c5 dxc5 17. Ba3 Bd5 18. Rfd1 Bxf3 19. Rxd7 Rxd7 20. Bxf3 Rd2
21. Rf1 h6 22. Bxc5 Bxc5 23. Nxc5 Raxa2 24. Kg2 Kf8 25. Bxc6 Rac2 26. Ne4 Nxe4
27. Bxe4 Rc3 28. Kf3 Rxb3 29. Ra1 Rbb2 30. Rf1 Ke7 31. h4 a5 32. Bc6 Kd6 33.
Be8 f6 34. Kg2 c5 35. Kg1 c4 36. f4 c3 37. Ba4 c2 38. Rc1 Rd1+ 39. Rxd1+
cxd1=Q+ 40. Bxd1 Rb1 41. Kf2 Rxd1 42. g4 a4 43. g5 a3 44. gxf6 gxf6 45. Ke2 a2
46. Kxd1 a1=Q+ 47. Ke2 Qh1 48. e4 Qxh4 49. Ke3 Qg3+ 50. Kd4 Qxf4 51. Kd3 f5 52.
Kd4 fxe4 53. Kc3 e3 54. Kd3 e2 55. Kxe2 Qg3 56. Kf1 Qh2 57. Ke1 Kd5 58. Kd1 Kc4
59. Ke1 Kd3 60. Kf1 Ke3 61. Ke1 Qe2# 0-1

[Event "OPEN D'AUBAGNE"]
[Site "SALLE LAKANAL AUBAGNE"]
[Date "2019.09.02"]
[Round "4.33"]
[White "Boudet, Nicole"]
[Black "Madi, Walid"]
[Result "1-0"]
[WhiteElo "1050"]
[BlackElo "1006"]
[PlyCount "58"]
[EventDate "2019.??.??"]
[WhiteTeam "Cercle d'Echecs Aubagnais"]
[BlackTeam "Cercle d'Echecs Aubagnais"]

1. e4 e6 2. Nc3 d5 3. exd5 exd5 4. d4 Nc6 5. Nf3 Bg4 6. Be2 Nf6 7. h3 Bf5 8.
Bg5 Be7 9. O-O h6 10. Bxf6 Bxf6 11. Bb5 Qd6 12. Re1+ Be6 13. Bxc6+ Qxc6 14. Ne5
Bxe5 15. Rxe5 Rd8 16. Qe2 a6 17. Re1 O-O 18. Qh5 Rd6 19. R1e3 b6 20. Rg3 Kh7
21. Qf3 g6 22. h4 Re8 23. h5 Bg4 24. Qxf7+ Kh8 25. Rxe8+ Qxe8 26. Qxe8+ Kh7 27.
Rxg4 Kg7 28. Qe7+ Kh8 29. hxg6 Kg8 1-0

[Event "OPEN D'AUBAGNE"]
[Site "SALLE LAKANAL AUBAGNE"]
[Date "2019.09.02"]
[Round "4.34"]
[White "Innocenti, Georges"]
[Black "Lognos, Lina"]
[Result "1/2-1/2"]
[WhiteElo "1137"]
[BlackElo "1037"]
[PlyCount "87"]
[EventDate "2019.??.??"]
[WhiteTeam "Cercle d'Echecs Aubagnais"]
[BlackTeam "Cercle d'Echecs Aubagnais"]

1. d4 g6 2. e4 Bg7 3. Nf3 d6 4. Bc4 Nf6 5. Nc3 O-O 6. O-O a6 7. Bg5 b5 8. Bd3
Bb7 9. Qd2 Nbd7 10. Bh6 b4 11. Bxg7 Kxg7 12. Ne2 Nxe4 13. Qxb4 a5 14. Qxb7 Nef6
15. Qb3 d5 16. Qc3 Re8 17. Qd2 h6 18. b3 Ne4 19. Qe3 Ndf6 20. Qf4 Qd6 21. Qxd6
Nxd6 22. h3 Nd7 23. Nc3 c6 24. Ne5 Nxe5 25. dxe5 Nf5 26. Bxf5 gxf5 27. Ne2 c5
28. Nf4 e6 29. Rfe1 d4 30. Rad1 Kh7 31. Rd3 Rg8 32. Nh5 Kg6 33. Nf4+ Kh7 34.
Rg3 Rg5 35. Rxg5 hxg5 36. Nd3 Rg8 37. Nxc5 Rc8 38. Nb7 Rxc2 39. Ra1 d3 40. Rd1
d2 41. Nxa5 Rc1 42. Rf1 d1=Q 43. Rxd1 Rxd1+ 44. Kh2 1/2-1/2

[Event "OPEN D'AUBAGNE"]
[Site "SALLE LAKANAL AUBAGNE"]
[Date "2019.09.02"]
[Round "4.35"]
[White "Garbe, Georges"]
[Black "Burnel, Marie-France"]
[Result "0-1"]
[WhiteElo "1216"]
[BlackElo "1065"]
[PlyCount "86"]
[EventDate "2019.??.??"]
[WhiteTeam "Cercle d'Echecs Aubagnais"]
[BlackTeam "Cercle d'Echecs Aubagnais"]

1. e4 e5 2. Nf3 Nc6 3. Bc4 Bc5 4. O-O h6 5. Nc3 Nf6 6. d3 b6 7. a3 Bb7 8. Nd5
O-O 9. Ne3 d6 10. Nh4 Nh7 11. Nef5 Ne7 12. Ng3 a6 13. Ngf5 b5 14. Bb3 Nxf5 15.
Nxf5 Qf6 16. Qg4 Ng5 17. Ng3 Bc8 18. Qh5 a5 19. Bd5 Ra6 20. Bd2 c6 21. Ba2 Be6
22. Qe2 d5 23. exd5 Bxd5 24. c4 bxc4 25. dxc4 Be6 26. Bc3 Bd4 27. Be1 c5 28.
Ne4 Nxe4 29. Qxe4 Re8 30. Rb1 Bf5 31. Qf3 e4 32. Qe2 e3 33. Rd1 exf2+ 34. Kh1
Rxe2 35. Bc3 Rae6 36. Bxd4 cxd4 37. c5 Rc6 38. b4 axb4 39. axb4 d3 40. Bd5 Rc8
41. Bc4 Rce8 42. Bxd3 Bxd3 43. Rxd3 Re1 0-1

[Event "OPEN D'AUBAGNE"]
[Site "SALLE LAKANAL AUBAGNE"]
[Date "2019.09.02"]
[Round "4.36"]
[White "Catanese, Sauveur"]
[Black "Belaid, Myriam"]
[Result "1-0"]
[WhiteElo "1037"]
[BlackElo "1199"]
[PlyCount "69"]
[EventDate "2019.??.??"]
[WhiteTeam "Cercle d'Echecs Aubagnais"]
[BlackTeam "Club Provence Echecs"]

1. d4 e6 2. c4 d6 3. Nc3 a6 4. a4 b6 5. Nf3 h6 6. e4 Ne7 7. Bd3 g6 8. O-O Bg7
9. Re1 O-O 10. b3 Bb7 11. Bb2 Nd7 12. Rb1 c5 13. dxc5 bxc5 14. Qc2 f5 15. exf5
exf5 16. Be2 Qc7 17. Rbd1 Rfe8 18. Rd2 Rad8 19. Nb1 Nf8 20. Bxg7 Kxg7 21. Rd3
Ne6 22. Bd1 Ng8 23. Rde3 Qf7 24. Nbd2 f4 25. R3e2 Nf6 26. Qb2 g5 27. Ne4 Kh7
28. Nxf6+ Qxf6 29. Qxf6 g4 30. Qf5+ Kh8 31. Qxg4 Re7 32. Rxe6 Rg8 33. Qf5 Bxf3
34. Rxh6+ Rh7 35. Qxh7# 1-0

[Event "OPEN D'AUBAGNE"]
[Site "SALLE LAKANAL AUBAGNE"]
[Date "2019.09.02"]
[Round "4.37"]
[White "Manus, Renaud"]
[Black "Deroual, Alexandre"]
[Result "1-0"]
[WhiteElo "1199"]
[BlackElo "1055"]
[PlyCount "23"]
[EventDate "2019.??.??"]
[WhiteTeam "Club Provence Echecs"]
[BlackTeam "La Ciotat Echecs (LCE)"]

1. d4 f5 2. Bf4 d5 3. Nf3 Nc6 4. e3 Nf6 5. c4 e6 6. a3 Ne4 7. Nbd2 Be7 8. h3
Na5 9. Ne5 Nxd2 10. Kxd2 g5 11. Qh5+ Kf8 12. Qf7# 1-0

[Event "OPEN D'AUBAGNE"]
[Site "SALLE LAKANAL AUBAGNE"]
[Date "2019.09.02"]
[Round "4.38"]
[White "Puertolas, Alain"]
[Black "Balaguer, Thomas"]
[Result "1-0"]
[WhiteElo "1199"]
[BlackElo "1009"]
[PlyCount "95"]
[EventDate "2019.??.??"]
[WhiteTeam "Cercle d'Echecs Aubagnais"]
[BlackTeam "Cercle d'Echecs Aubagnais"]

1. d4 d5 2. Nc3 Nc6 3. Nf3 Nf6 4. Bf4 Na5 5. b4 Nc6 6. Rb1 Nh5 7. e4 Nxf4 8. g3
Bg4 9. gxf4 Bxf3 10. Qxf3 e6 11. Bd3 Nxd4 12. Qg4 dxe4 13. Nxe4 f5 14. Qg2 fxe4
15. Qxe4 Nc6 16. Rd1 Bxb4+ 17. Ke2 Nd4+ 18. Ke3 Nf5+ 19. Ke2 Qd4 20. Bb5+ Ke7
21. Rxd4 Nxd4+ 22. Qxd4 Rad8 23. Qxb4+ Kf7 24. Rd1 Rxd1 25. Kxd1 Rd8+ 26. Kc1
Rd5 27. Bc4 Rd4 28. Bxe6+ Kxe6 29. Qxd4 g6 30. Qe5+ Kf7 31. Qxc7+ Kf6 32. Qxh7
Kf5 33. Kd2 Kf6 34. Ke3 a5 35. Ke4 b5 36. h4 a4 37. h5 gxh5 38. Qf5+ Kg7 39.
Qxh5 b4 40. f5 b3 41. cxb3 axb3 42. axb3 Kg8 43. f6 Kf8 44. b4 Kg8 45. b5 Kf8
46. b6 Kg8 47. b7 Kf8 48. b8=Q# 1-0

[Event "OPEN D'AUBAGNE"]
[Site "SALLE LAKANAL AUBAGNE"]
[Date "2019.09.02"]
[Round "4.39"]
[White "Friche, Allan"]
[Black "Belliardo, Julia"]
[Result "1-0"]
[WhiteElo "1009"]
[BlackElo "1099"]
[PlyCount "72"]
[EventDate "2019.??.??"]
[WhiteTeam "La Ciotat Echecs (LCE)"]
[BlackTeam "La Ciotat Echecs (LCE)"]

1. c4 Nf6 2. Nc3 Nc6 3. g3 d6 4. Bg2 g6 5. Nf3 Bg7 6. O-O O-O 7. d3 Bg4 8. Bd2
d5 9. Nh4 dxc4 10. dxc4 Ne5 11. Bxb7 Rb8 12. f4 Nxc4 13. Ba6 Rb6 14. Bxc4 Rxb2
15. Bc1 Rd2 16. Bxd2 Qd4+ 17. e3 Qxc4 18. Qa4 Qd3 19. Nb1 Bh3 20. Rc1 Bd7 21.
Qd4 Qe2 22. Re1 Qb5 23. Na3 Qb8 24. Reb1 Qa8 25. Nb5 Bc8 26. Nxc7 Qc6 27. Qxa7
Ne4 28. Rc1 Qd5 29. Nxd5 e6 30. Rxc8 Rxc8 31. Ne7+ Kf8 32. Nxc8 Bxa1 33. Bb4+
Kg7 34. Qa5 Bb2 35. Nd6 Bc1 36. Nxe4 Bxe3+ 1-0